| 000 | 00911nam a2200277 4500 | ||
|---|---|---|---|
| 999 |
_c21837 _d21837 |
||
| 001 | 2676932 | ||
| 003 | BDDh-ASL | ||
| 005 | 20231015030041.0 | ||
| 008 | 720727s1971 ii bs 000 0 eng | ||
| 010 | _a 73926457 | ||
| 040 |
_aDLC _cDLC _dDLC _dBDDh-ASL |
||
| 043 |
_aa-ii--- _aa-pk--- |
||
| 050 | 0 | 0 |
_aDS386 _b.B46 |
| 082 | 0 | 0 |
_a327.5405 _bRAI |
| 100 | 2 |
_aBhaskara Rao, N., _d1940- |
|
| 245 | 1 | 0 |
_aIndo-Pak conflict: controlled mass communication in inter-state relations / _c[by] N. Bhaskara Rao. |
| 260 |
_aNew Delhi: _bS. Chand, _c[1971] |
||
| 300 |
_axii, 200 p. _c22 cm. |
||
| 350 | _aRs25.00 | ||
| 504 | _aBibliography: p. 186-194. | ||
| 650 | 0 |
_aIndia-Pakistan Conflict, 1965 _xPublic opinion _zIndia. |
|
| 650 | 0 |
_aIndia-Pakistan Conflict, 1965 _xPublic opinion _zPakistan. |
|
| 650 | 0 |
_aMass media _xSocial aspects. |
|
| 906 |
_a7 _bcbc _corignew _du _encip _f19 _gy-gencatlg |
||
| 942 |
_2ddc _cBK |
||